000 01001nam a22002055i 4500
001 168264
003 ES-MaACL
005 20230906213731.0
008 020304s1874 sp |||| | spa d
040 _aCAM
_bspa
_cCAM
100 1 _aZumel, Enrique.
_9118492
245 1 0 _aQuimeras de un sueño
_b: comedia de mágia en cuatro actos y en verso /
_coriginal de Enrique Zumel ; música de Francisco Vilamala.
260 _aMadrid :
_b[s.n.],
_c1874 (
_fImprenta de José Rodríguez)
300 _a88 p. ;
_c19 cm.
500 _aEn port.: Representada por primera vez en el Teatro de El Recreo el 28 de setiembre de 1874.
500 _aSolo la letra.
596 _aAl v. de antep. consta : "... Galería Dramática y Lírica, titulada El Teatro, de Alonso Gullon..."
700 1 _aVilamala, Francisco.
_9133719
852 _aES-MaACL
_jF-8572(7)
_z-- Enc. pasta española, falto de la enc. original
_z-- Enc. en un vol. facticio formando parte de la col. facticia "Teatro español moderno", vol. 25
999 _c168264
_d168264